| 000 | 01361cam a2200349 a 4500 | ||
|---|---|---|---|
| 090 | _c0 | ||
| 001 | 14996691 | ||
| 005 | 20071212111705.0 | ||
| 008 | 070906s2007 ne a b 001 0 eng d | ||
| 010 | _a2007279264 | ||
| 020 | _a9780750684255 (alk. paper.) | ||
| 020 | _a0750684259 (alk. paper) | ||
| 035 | _a(OCoLC)ocn153885603 | ||
| 040 |
_aOHX _cOHX _dUAT _dBAKER _dYDXCP _dDLC |
||
| 042 | _alccopycat | ||
| 050 | 0 | 0 |
_aHD61.5 _b.T97 2007 |
| 072 | 7 |
_aTK _2lcco |
|
| 072 | 7 |
_aQA _2lcco |
|
| 082 | 0 | 0 |
_a658.47 _222 _bTYS |
| 100 | 1 | _aTyson, Dave. | |
| 245 | 1 | 0 |
_aSecurity Convergence : _bManaging Enterprise Security Risk / _cDave Tyson. |
| 260 |
_aAmsterdam ; _aBoston : _bElsevier/Butterworth-Heinemann, _cc2007. |
||
| 300 |
_axv, 215 p. : _bill. ; _c24 cm. |
||
| 504 | _aIncludes bibliographical references and index. | ||
| 650 | 0 |
_aBusiness enterprises _xSecurity measures. |
|
| 650 | 0 | _aRisk management. | |
| 650 | 0 | _aComputer security. | |
| 856 | 4 | 2 |
_3Publisher description _uhttp://www.loc.gov/catdir/enhancements/fy0745/2007279264-d.html |
| 942 |
_2ddc _cBB |
||
| 999 |
_c10608 _d10608 |
||